[Event "Erbil Khanzad Cup 10th"]
[Site "Erbil"]
[Date "2018.04.20"]
[Round "5"]
[White "Mwafiq, Hassan Mohammed"]
[Black "Abdullah, Layth Ahmed"]
[Result "1/2-1/2"]
[WhiteElo "1483"]
[BlackElo "1854"]
[PlyCount "139"]
[EventDate "2018.04.18"]
[EventType "swiss"]
[EventRounds "9"]
[EventCountry "IRQ"]
[SourceTitle "CBM 184 Extra"]
[Source "ChessBase"]
[SourceDate "2018.06.28"]
[SourceVersion "1"]
[SourceVersionDate "2018.06.28"]
[SourceQuality "1"]

1. e4 c6 2. Nf3 d5 3. exd5 cxd5 4. d4 Nc6 5. Be2 Nf6 6. 0-0 Bg4 7. Bg5 e6 8. c4 Be7 9. c5 0-0 10. a3 a5 11. Nc3 Ne4 12. Bxe7 Qxe7 13. Nb5 Rab8 14. Rc1 Qd7 15. Nd2 Bxe2 16. Qxe2 Nxd2 17. Qxd2 b6 18. Nd6 Na7 19. b4 Nb5 20. Nxb5 Qxb5 21. Rc2 Ra8 22. Rfc1 h6 23. g3 axb4 24. axb4 Ra4 25. Rb1 Rfa8 26. Rcb2 Ra1 27. Qc2 g6 28. Kg2 R8a6 29. Rxa1 Rxa1 30. Rb1 Rxb1 31. Qxb1 e5 32. Qc1 Qxb4 33. c6 Qf8 34. c7 Qc8 35. Qc6 Kf8 36. Qd6+ Ke8 37. dxe5 b5 38. Qxd5 Qxc7 39. Qxb5+ Ke7 40. Qd5 Qb6 41. f4 Qb2+ 42. Kh3 Qe2 43. Qd6+ Ke8 44. Qf6 Qf1+ 45. Kh4 Qe2 46. Qh8+ Ke7 47. Qf6+ Ke8 48. Qh8+ Kd7 49. e6+ fxe6 50. Qg7+ Kd6 51. Qxg6 Qxh2+ 52. Kg4 Qe2+ 53. Kh3 h5 54. Qg5 Qf3 55. Kh2 Qf2+ 56. Kh3 Qf3 57. Kh2 Qg4 58. Qe5+ Kd7 59. Qb5+ Ke7 60. Qc5+ Kf7 61. Qc7+ Kg6 62. Qe5 h4 63. gxh4 Qxh4+ 64. Kg2 Qg4+ 65. Kf2 Qf5 66. Qc7 Kh5 67. Ke3 Kg6 68. Qb8 Qc5+ 69. Kf3 Qd5+ 70. Ke3 1/2-1/2